000 01274nam a2200253Mi 4500
001 fourtranslationn00newy
003 CaSfIA
005 20210118084353.0
007 cr||||
008 011105s1971 nyu 000 0 eng d
040 _aGyGoGBV
_erakwb
_bger
_cGBVCP
_dCaSfIA
035 _a(OCoLC)248781823
084 _a11.31 ; Bibeltext ; Bibelübersetzungen
_2bcc
240 1 0 _aTestamentum novum <engl.>.
245 0 4 _aThe four translation New Testament :
_h[electronic resource]
_bKing James, New American standard Bible, Williams - In the language of the people, Beck - In the language of today.
250 _a2. print.
260 _aNew York :
_bIversen Associates,
_c1971.
300 _aXXVIII, 739 S.
856 4 1 _uhttp://www.archive.org/details/fourtranslationn00newy
_zFree eBook from the Internet Archive
856 4 2 _uhttp://www.openlibrary.org/books/OL24384751M
_zAdditional information and access via Open Library
942 _cEB
506 _fНеобхідна авторизація на https://archive.org/ (створення облікового запису безкоштовно)
506 _fНеобхідна авторизація на https://openlibrary.org/ (створення облікового запису безкоштовно)
999 _c498519
_d498519